[Event "Arco Christmas op 11th"]
[Site "Arco"]
[Date "2021.12.30"]
[Round "7"]
[White "Benedetti, Michele"]
[Black "Mora, Massimo"]
[Result "0-1"]
[WhiteElo "1918"]
[BlackElo "1836"]
[PlyCount "124"]
[EventDate "2021.12.26"]
[EventType "swiss"]
[EventRounds "7"]
[EventCountry "ITA"]
[SourceTitle "CBM 205 Extra"]
[Source "ChessBase"]
[SourceDate "2022.01.31"]
[SourceVersion "1"]
[SourceVersionDate "2022.01.31"]
[SourceQuality "1"]

1. d4 Nf6 2. c4 g6 3. f3 Bg7 4. e4 d6 5. Nc3 0-0 6. Be3 c6 7. Qd2 Qc7 8. 0-0-0 a6 9. Bh6 b5 10. h4 Nbd7 11. h5 Bxh6 12. Qxh6 Nxh5 13. g4 Nhf6 14. e5 dxe5 15. Bd3 exd4 16. Ne4 Rd8 17. Nxf6+ Nxf6 18. Ne2 bxc4 19. Be4 Qe5 20. g5 Nxe4 21. Qxh7+ Kf8 22. Qh8+ Qxh8 23. Rxh8+ Kg7 24. Rxd8 Nxg5 25. Nxd4 c5 26. f4 Nh3 27. Ne2 Bb7 28. R8d7 Bf3 29. Rxe7 Bxe2 30. Rxe2 Nxf4 31. Re4 Nd3+ 32. Kc2 Nf2 33. Rxc4 Nxd1 34. Kxd1 Rb8 35. b3 Rb5 36. Kd2 f5 37. Ke3 g5 38. Kf3 Kf6 39. Kg3 Ke5 40. Kf3 g4+ 41. Ke3 Kf6 42. Kf2 Kg6 43. Kg2 Kh5 44. Kf2 Kg5 45. Kg3 Kf6 46. Kf2 Ke5 47. Ke3 Kd6 48. Rf4 Ke6 49. Rc4 Ke5 50. Ra4 Rb6 51. Ra5 f4+ 52. Kf2 Rc6 53. b4 Kd4 54. bxc5 Rxc5 55. Rxa6 Rc2+ 56. Kf1 Kd3 57. Ra4 Rc4 58. Ra3+ Ke4 59. Kf2 g3+ 60. Kg2 Rc2+ 61. Kf1 f3 62. Ra4+ Ke5 0-1

[Event "Arco Christmas op 11th"]
[Site "Arco"]
[Date "2021.12.29"]
[Round "6"]
[White "Mora, Massimo"]
[Black "Del Prato, Uberto"]
[Result "1-0"]
[WhiteElo "1836"]
[BlackElo "1882"]
[PlyCount "117"]
[EventDate "2021.12.26"]
[EventType "swiss"]
[EventRounds "7"]
[EventCountry "ITA"]
[SourceTitle "CBM 205 Extra"]
[Source "ChessBase"]
[SourceDate "2022.01.31"]
[SourceVersion "1"]
[SourceVersionDate "2022.01.31"]
[SourceQuality "1"]

1. Nf3 d6 2. d4 Bg4 3. e4 Nf6 4. Bd3 e6 5. 0-0 Be7 6. b3 0-0 7. Bb2 d5 8. Nbd2 c5 9. e5 Nfd7 10. c3 Bh5 11. Qc2 Bg6 12. Rac1 Nc6 13. Bxg6 hxg6 14. Rfd1 Rc8 15. Qb1 Qa5 16. a3 cxd4 17. b4 Qb5 18. cxd4 a5 19. bxa5 Nxa5 20. Bc3 Qxb1 21. Nxb1 Nc4 22. Bb4 Bxb4 23. axb4 Ra8 24. Nbd2 Rfc8 25. Ra1 Rxa1 26. Rxa1 Nxd2 27. Nxd2 Rc2 28. Nb3 Rb2 29. Nc5 Nxc5 30. bxc5 Rd2 31. g3 Rxd4 32. Ra8+ Kh7 33. Rf8 Rc4 34. Rxf7 Rxc5 35. Rxb7 Rc6 36. Rd7 Rc8 37. Kg2 Kg8 38. h4 Kf8 39. Kf3 Re8 40. Kg4 Re7 41. Rd6 Kf7 42. Ra6 Rd7 43. Ra3 Kg8 44. Kg5 Kh7 45. Ra6 Re7 46. Rd6 Re8 47. f4 Re7 48. Rd8 Ra7 49. Re8 Ra6 50. Re7 Rb6 51. g4 d4 52. Rd7 Rb4 53. Rd6 Rb8 54. Rxd4 Re8 55. Rd7 Rd8 56. Rd6 Re8 57. h5 gxh5 58. gxh5 Re7 59. Rd8 1-0

[Event "Arco Christmas op 11th"]
[Site "Arco"]
[Date "2021.12.28"]
[Round "4"]
[White "D`Amico, Nicola"]
[Black "Mora, Massimo"]
[Result "1/2-1/2"]
[WhiteElo "1752"]
[BlackElo "1836"]
[PlyCount "139"]
[EventDate "2021.12.26"]
[EventType "swiss"]
[EventRounds "7"]
[EventCountry "ITA"]
[SourceTitle "CBM 205 Extra"]
[Source "ChessBase"]
[SourceDate "2022.01.31"]
[SourceVersion "1"]
[SourceVersionDate "2022.01.31"]
[SourceQuality "1"]

1. e4 c5 2. Nf3 d6 3. d4 cxd4 4. Nxd4 Nf6 5. Nc3 g6 6. f3 Bg7 7. Be3 Nc6 8. Qd2 Bd7 9. g4 Rc8 10. h4 h5 11. g5 Nh7 12. 0-0-0 Ne5 13. Be2 Nf8 14. Rdf1 Nc4 15. Bxc4 Rxc4 16. f4 Bg4 17. f5 Be5 18. Qf2 Rh7 19. Nd5 Qa5 20. Kb1 gxf5 21. Nxf5 Rxe4 22. Ndxe7 Qb4 23. Bc1 Re2 24. Qxa7 Bxf5 25. Nxf5 Qe4 26. Qb8+ Kd7 27. Ne3 Ne6 28. Qg8 Nf4 29. Re1 Rg7 30. Qa8 Qb4 31. Qa3 Qxa3 32. bxa3 f6 33. gxf6 Bxf6 34. Nf5 Rxe1 35. Rxe1 Rg4 36. Re4 Nd5 37. Rxg4 hxg4 38. Bb2 Bxb2 39. Kxb2 Nf6 40. Kc3 Nh5 41. Ne3 g3 42. Ng2 Ke6 43. Kd4 Kf5 44. Ke3 Kg4 45. c4 Ng7 46. Ke4 Nf5 47. h5 Nh6 48. Nf4 Nf7 49. a4 Ng5+ 50. Ke3 Nf7 51. a5 Ng5 52. h6 Nh7 53. a4 Nf6 54. a6 bxa6 55. a5 Nh7 56. Ng2 Kh3 57. Ne1 Kh2 58. Kd4 Kg1 59. Nf3+ Kf2 60. Nh4 Nf6 61. h7 Nxh7 62. Kd5 Ng5 63. Kxd6 Nf3 64. c5 Nxh4 65. c6 g2 66. c7 g1Q 67. c8Q Qd1+ 68. Kc7 Qc1+ 69. Kb7 Qxc8+ 70. Kxc8 1/2-1/2

[Event "Arco Christmas op 11th"]
[Site "Arco"]
[Date "2021.12.27"]
[Round "2"]
[White "Mora, Massimo"]
[Black "Dobboletta, Alex"]
[Result "0-1"]
[WhiteElo "1836"]
[BlackElo "2206"]
[PlyCount "66"]
[EventDate "2021.12.26"]
[EventType "swiss"]
[EventRounds "7"]
[EventCountry "ITA"]
[SourceTitle "CBM 205 Extra"]
[Source "ChessBase"]
[SourceDate "2022.01.31"]
[SourceVersion "1"]
[SourceVersionDate "2022.01.31"]
[SourceQuality "1"]

1. d4 Nf6 2. Nf3 e6 3. Bg5 Be7 4. e3 c5 5. c3 b6 6. Nbd2 h6 7. Bh4 Bb7 8. Bd3 g5 9. Bg3 g4 10. Ne5 h5 11. Bh4 Bxg2 12. Rg1 Bb7 13. Qc2 d6 14. Bxf6 Bxf6 15. Bb5+ Ke7 16. 0-0-0 Qc7 17. f4 Bg7 18. Rdf1 dxe5 19. dxe5 Nd7 20. Ne4 a6 21. Bxd7 Qxd7 22. Nd6 Qc7 23. h3 f5 24. exf6+ Bxf6 25. Ne4 Rag8 26. f5 e5 27. Qb3 Qc6 28. Nxf6 Kxf6 29. hxg4 hxg4 30. Rg3 c4 31. Qd1 Qd5 32. Qxd5 Bxd5 33. Rd1 Bf3 0-1

[Event "Arco Christmas op 8th"]
[Site "Arco"]
[Date "2017.12.30"]
[Round "7"]
[White "Paveglio, Mattia"]
[Black "Mora, Massimo"]
[Result "1/2-1/2"]
[WhiteElo "1861"]
[BlackElo "1925"]
[PlyCount "24"]
[EventDate "2017.12.26"]
[EventType "swiss"]
[EventRounds "7"]
[EventCountry "ITA"]
[SourceTitle "CBM 182 Extra"]
[Source "ChessBase"]
[SourceDate "2018.02.23"]
[SourceVersion "1"]
[SourceVersionDate "2018.02.23"]
[SourceQuality "1"]

1. d4 Nf6 2. Nf3 g6 3. Bf4 Bg7 4. c4 c5 5. e3 0-0 6. Be2 cxd4 7. exd4 d5 8. c5 Nc6 9. 0-0 Bg4 10. Nbd2 Nh5 11. Be3 Nf6 12. Bf4 Nh5 1/2-1/2

[Event "Arco Christmas op 8th"]
[Site "Arco"]
[Date "2017.12.29"]
[Round "5"]
[White "Pedrotti, Luciano"]
[Black "Mora, Massimo"]
[Result "0-1"]
[WhiteElo "1766"]
[BlackElo "1925"]
[PlyCount "100"]
[EventDate "2017.12.26"]
[EventType "swiss"]
[EventRounds "7"]
[EventCountry "ITA"]
[SourceTitle "CBM 182 Extra"]
[Source "ChessBase"]
[SourceDate "2018.02.23"]
[SourceVersion "1"]
[SourceVersionDate "2018.02.23"]
[SourceQuality "1"]

1. e4 c5 2. Nf3 d6 3. Nc3 g6 4. Be2 Bg7 5. d4 cxd4 6. Nxd4 Nc6 7. Ncb5 Bd7 8. c3 a6 9. Na3 Nxd4 10. cxd4 Qb6 11. Nc2 Rc8 12. 0-0 Nf6 13. f3 0-0 14. Kh1 Rc7 15. b3 Rfc8 16. Na3 Ne8 17. Bb2 Qa7 18. Rb1 b5 19. b4 Nf6 20. Qd2 Be8 21. Rbc1 Nd7 22. Rxc7 Rxc7 23. Bd1 Qb7 24. Bb3 Qc8 25. Nb1 Nb6 26. Qd1 Nc4 27. Qe2 e6 28. Rd1 Bd7 29. Bc1 Na5 30. bxa5 Rxc1 31. Rxc1 Qxc1+ 32. Qd1 Qxd1+ 33. Bxd1 Bxd4 34. Nd2 e5 35. Nb3 Bc3 36. Be2 Be6 37. Bxb5 Bxb3 38. axb3 axb5 39. a6 Bd4 40. g4 Kf8 41. Kg2 Ke7 42. Kf1 Kd7 43. Ke2 Kc7 44. Kd3 Kb6 45. f4 Kxa6 46. b4 Kb6 47. fxe5 Bxe5 48. h3 Kc6 49. Kc2 Kd7 50. Kd3 Ke6 0-1

[Event "Nago Torbole op-A"]
[Site "Nago Torbole"]
[Date "2010.12.29"]
[Round "6"]
[White "Silini, Riccardo"]
[Black "Mora, Massimo"]
[Result "0-1"]
[WhiteElo "1628"]
[BlackElo "2014"]
[PlyCount "58"]
[EventDate "2010.12.26"]
[EventType "swiss"]
[EventRounds "7"]
[EventCountry "ITA"]
[SourceTitle "EXT 2024"]
[Source "ChessBase"]
[SourceDate "2023.10.10"]
[SourceVersion "1"]
[SourceVersionDate "2023.10.10"]
[SourceQuality "1"]

1. Nf3 Nf6 2. d4 g6 3. c4 Bg7 4. Nc3 d5 5. cxd5 Nxd5 6. e4 Nxc3 7. bxc3 0-0 8. Bc4 c5 9. Be3 Bg4 10. e5 Qc7 11. Rc1 Nc6 12. h3 Bxf3 13. Qxf3 e6 14. 0-0 Rfd8 15. Rfd1 a6 16. a4 Qa5 17. Qe2 Rd7 18. f4 cxd4 19. cxd4 Rad8 20. Qb2 Qxa4 21. Rd3 Bf8 22. Bb3 Qb5 23. Rcd1 Na5 24. Qa2 Nxb3 25. Rxb3 Qd5 26. Qb2 Rc8 27. g4 Rdc7 28. Rc1 Rxc1+ 29. Bxc1 Rxc1+ 0-1

[Event "Nago Torbole op-A"]
[Site "Nago Torbole"]
[Date "2010.12.26"]
[Round "2"]
[White "Mora, Massimo"]
[Black "De Santis, Alessio"]
[Result "0-1"]
[WhiteElo "2014"]
[BlackElo "2293"]
[PlyCount "100"]
[EventDate "2010.12.26"]
[EventType "swiss"]
[EventRounds "7"]
[EventCountry "ITA"]
[SourceTitle "EXT 2024"]
[Source "ChessBase"]
[SourceDate "2023.10.10"]
[SourceVersion "1"]
[SourceVersionDate "2023.10.10"]
[SourceQuality "1"]

1. Nf3 c5 2. b3 b6 3. Bb2 Bb7 4. e3 Nf6 5. c4 e6 6. Nc3 a6 7. d4 d6 8. Bd3 Nbd7 9. Qe2 Be7 10. Bc2 Qc7 11. Nd2 0-0 12. dxc5 bxc5 13. f3 d5 14. 0-0-0 Rac8 15. g4 Rfe8 16. h4 Nf8 17. h5 d4 18. exd4 cxd4 19. Nce4 e5 20. Rdg1 Nd5 21. g5 Nf4 22. Qf1 Kh8 23. g6 fxg6 24. hxg6 h6 25. Ng3 d3 26. Bxd3 Rcd8 27. Bc2 Bc5 28. Nf5 Bxg1 29. Rxg1 Kg8 30. Ne4 Bxe4 31. Bxe4 N8e6 32. Rh1 Qa5 33. Kb1 Rd2 34. Ne3 Nc5 35. Nc2 Nxe4 36. fxe4 Red8 37. Qf3 Nxg6 38. Bc3 Qc5 39. Bxd2 Rxd2 40. Rf1 Nf4 41. Kc1 Rd3 42. Qf2 Qc6 43. Nb4 Qxe4 44. Qc2 Qe3+ 45. Kb1 Rd2 46. Qc1 Ne2 47. Qa3 Qe4+ 48. Nc2 Qxc2+ 49. Ka1 Rd1+ 50. Rxd1 Qxd1+ 0-1